Our green and living world : (Record no. 13438)

000 -LEADER
fixed length control field 00822cam a2200229 a 4500
020 ## - INTERNATIONAL STANDARD BOOK NUMBER
ISBN 0895990164 :
020 ## - INTERNATIONAL STANDARD BOOK NUMBER
ISBN 0521268427 (Cambridge)
040 ## - CATALOGING SOURCE
Transcribing agency DLC
082 00 - DEWEY DECIMAL CLASSIFICATION NUMBER
Classification number 333 SMI 1984 A011 Or.
245 00 - TITLE STATEMENT
Title Our green and living world :
Remainder of title the wisdom to save it /
250 ## - EDITION STATEMENT
Edition statement 1st ed.
260 ## - PUBLICATION, DISTRIBUTION, ETC. (IMPRINT)
Place of publication Washington, D.C. :
Name of publisher Smithsonian Institution ;
Place of publication Cambridge [Cambridgeshire] ;
-- New York, N.Y., U.S.A. :
Name of publisher Cambridge University Press,
Year of publication 1984.
300 ## - PHYSICAL DESCRIPTION
Number of Pages 255 p. :
Other physical details ill. (some col.) ;
Dimensions 29 cm.
500 ## - GENERAL NOTE
General note Includes index.
650 #0 - SUBJECT ADDED ENTRY--TOPICAL TERM
Topical Term Nature conservation.
650 #0 - SUBJECT ADDED ENTRY--TOPICAL TERM
Topical Term Ecology.
650 #0 - SUBJECT ADDED ENTRY--TOPICAL TERM
Topical Term Conservation of natural resources.
700 1# - ADDED ENTRY--PERSONAL NAME
Personal name Ayensu, Edward S.
856 42 - ELECTRONIC LOCATION AND ACCESS
Uniform Resource Identifier http://www.loc.gov/catdir/description/cam022/84600181.html
856 41 - ELECTRONIC LOCATION AND ACCESS
Uniform Resource Identifier http://www.loc.gov/catdir/toc/cam029/84600181.html
942 ## - ADDED ENTRY ELEMENTS (KOHA)
Koha item type សៀវភៅភាសាអង់គ្លេស
952 ## - LOCATION AND ITEM INFORMATION (KOHA)
Withdrawn status [LOCAL, KOHA] 0
Holdings
Permanent Location Date acquired Koha item type Lost status Shelving location Barcode Current Location Full call number
Library Block A2017-08-26សៀវភៅភាសាអង់គ្លេស A011A19906Library Block A333 SMI 1984 A011 Or.
មជ្ឈមណ្ឌលឯការនៃសាកលវិទ្យាល័យភូមិន្ទកសិកម្មចំការដូង

Powered by Koha